Statistics for NBA Three-point contest - All participants

Click here to take the quiz!

General Stats

  • This quiz has been taken 146 times
    (136 since last reset)
  • The average score is 54 of 119

Answer Stats

# Player % Correct
Dell Curry
100%
Stephen Curry
100%
Klay Thompson
89%
6Ray Allen
81%
4Larry Bird
81%
5Reggie Miller
72%
Dirk Nowitzki
72%
Mike Miller
72%
Kyrie Irving
69%
James Harden
67%
Michael Jordan
67%
Kenny Smith
67%
Joe Johnson
67%
Steve Nash
67%
Steve Smith
67%
Damian Lillard
67%
Steve Kerr
67%
Kyle Korver
64%
Kevin Durant
64%
Tobias Harris
64%
Walt Williams
64%
Damon Jones
61%
Kemba Walker
61%
Kevin Love
61%
Antoine Walker
61%
James Jones
61%
Devin Booker
58%
Allen Iverson
58%
Mark Price
58%
Paul Pierce
58%
Rashard Lewis
58%
7Dale Ellis
58%
C.J. McCollum
58%
Eric Gordon
56%
John Stockton
56%
Jason Kapono
56%
Chauncey Billups
53%
Jason Terry
53%
Peja Stojakovic
53%
Gilbert Arenas
53%
Bradley Beal
50%
Paul George
50%
Brent Barry
50%
8Craig Hodges
50%
3Terry Porter
50%
Hubert Davis
50%
Quentin Richardson
50%
Kyle Lowry
50%
Danny Ainge
50%
Glen Rice
50%
Ryan Anderson
47%
Nick Anderson
44%
Byron Scott
44%
J.J. Redick
44%
Richard Hamilton
44%
Dennis Scott
44%
Jeff Hornacek
44%
Clyde Drexler
44%
Marco Belinelli
42%
Clifford R. Robinson
42%
Channing Frye
42%
Danilo Gallinari
42%
Tim Hardaway
42%
Detlef Schrempf
39%
B.J. Armstrong
39%
Allan Houston
39%
Hersey Hawkins
39%
Nick Young
39%
Mitch Richmond
39%
Wesley Person
36%
Voshon Lenard
36%
Chuck Person
36%
Derek Harper
36%
Matt Bonner
36%
Dan Majerle
36%
Tim Legler
36%
Mike Bibby
36%
Steve Novak
36%
Terry Mills
33%
Roger Mason
33%
Cuttino Mobley
33%
Danny Granger
33%
Michael Adams
33%
Mario Chalmers
33%
Dana Barros
33%
Khris Middleton
33%
Wesley Matthews
33%
David Wesley
31%
Bob Sura
31%
Wayne Ellington
31%
Charlie Ward
31%
Norm Nixon
31%
Michael Cooper
31%
Tracy Murray
31%
Drazen Petrovic
31%
Sam Perkins
28%
Eric Murdock
28%
Craig Ehlo
28%
Arron Afflalo
28%
Byron Russell
28%
Gerald Henderson
28%
2Trent Tucker
28%
Leon Wood
28%
Daequan Cook
25%
Anthony Morrow
25%
Pat Garrity
25%
Daniel Gibson
25%
Kiki Vandeweghe
25%
Kyle Macy
25%
Rimas Kurtinaitis
25%
Vladimir Radmanovic
25%
Sam Mack
25%
Jon Sundvold
22%
Jim Les
22%
George McCloud
22%
Dorell Wright
19%
Bobby Hansen
17%
Scott Burrell
17%
1Sleepy Floyd
14%

Score Distribution

Percentile by Number Answered

Percent of People with Each Score

Your Score History

You have not taken this quiz since the last reset